| 000 | 00350nam a2200145Ia 4500 | ||
|---|---|---|---|
| 008 | 240624s9999 xx 000 0 und d | ||
| 041 | _aeng | ||
| 082 | _a519.54 GOO | ||
| 100 | _aGOOD PHILLIP I | ||
| 245 | _aINTRODUCTION TO STATISTICS THROUGH RESAM | ||
| 250 | _a(2nd ed.) | ||
| 260 |
_c2013 _aHoboken _bWiley |
||
| 300 | _a224 p. | ||
| 365 |
_c _b30 |
||
| 999 |
_c30923 _d30923 |
||